CONTRACANDELA /

Guardat en:
Dades bibliogràfiques
Autor principal: Vasco, Justo E. (autor)
Altres autors: Chavarria, Daniel (autor) (autor)
Format: Llibre
Col·lecció:(Hojas Negras)
Matèries:
Etiquetes: Afegir etiqueta
Sense etiquetes, Sigues el primer a etiquetar aquest registre!

MARC

LEADER 00000nam^a2200000^a^4500
001 000234125
005 20250521000000.0
009 20260310104712.036
020 |a 968-895-439-X 
035 |a 057311 
037 |a Acervo Xavier Clavigero 
082 |a 863. 4 VAS 
100 |a Vasco, Justo E.  |e (autor) 
245 1 0 |a CONTRACANDELA /  |c JUSTO E. VASCO, DANIEL CHAVARRIA 
264 |a Guadalajara, México :  |b U DE G,  |c 1992 
300 |a 251 p. 
336 |a texto  |b txt  |2 rdacontenido 
337 |a sin mediación  |b n  |2 rdamedio 
338 |a volumen  |b nc  |2 rdasoporte 
440 |a (Hojas Negras) 
649 |a XX 
650 |a Novela Cubana 
650 |a Literatura Policíaca y de Misterio 
650 |a LITERATURA CUBANA -  |x SIGLO XX 
700 |a Chavarria, Daniel  |e (autor) 
910 |a Fondo General 
920 |a Impresos - Libros 
930 |a Colección General 
940 |a Literatura 
905 |a 101 
901 |a 057311  |b IT1  |c LIT  |i 057311  |u 20250521 
902 |a https://opac.biblio.iteso.mx/vufind/Record/000234125